The death of Cuchulain : manuscript materials including the author's final text /

Bibliographic Details
Main Author: Yeats, W. B. (William Butler), 1865-1939
Other Authors: Marcus, Phillip L., 1941-
Format: Book
Language:English
Published: Ithaca, N.Y. : Cornell University Press, 1982.
Series:Yeats, W. B. (William Butler), 1865-1939. Works. 1982.
Subjects:

MARC

Tag First Indicator Second Indicator Subfields
LEADER 00000pam a2200000 a 4500
001 in00000084707
005 20151008053211.0
008 801016s1982 nyuah b 00010 engm
010 |a  80025851  
020 |a 0801413796 
035 |a (OCoLC)06916113 
035 |9 AAH6628AM 
040 |a DLC  |c DLC  |d TXA  |d UtOrBLW 
049 |a TXAM 
050 0 0 |a PR5904  |b .D28 1982 
082 0 |a 822/.8  |2 19 
100 1 |a Yeats, W. B.  |q (William Butler),  |d 1865-1939. 
240 1 0 |a Death of Cuchulain 
245 1 4 |a The death of Cuchulain :  |b manuscript materials including the author's final text /  |c by W.B. Yeats ; edited by Phillip L. Marcus. 
264 1 |a Ithaca, N.Y. :  |b Cornell University Press,  |c 1982. 
300 |a x, 182 pages :  |b illustrations, facsimiles ;  |c 25 cm. 
336 |a text  |b txt  |2 rdacontent 
337 |a unmediated  |b n  |2 rdamedia 
338 |a volume  |b nc  |2 rdacarrier 
490 1 |a The Cornell Yeats 
504 |a Includes bibliographical references. 
600 1 0 |a Yeats, W. B.  |q (William Butler),  |d 1865-1939  |x Manuscripts  |x Facsimiles. 
700 1 |a Marcus, Phillip L.,  |d 1941- 
800 1 |a Yeats, W. B.  |q (William Butler),  |d 1865-1939.  |t Works.  |f 1982. 
999 |a MARS 
999 f f |s eba3a6ba-8882-33ae-b30b-67f3b233de49  |i 76d37c2f-7db6-3c2a-8d7a-e64367d660e1  |t 0 
952 f f |p normal  |a Texas A&M University  |b College Station  |c Sterling C. Evans Library  |d Evans: Library Stacks  |t 0  |e PR5904 .D28 1982  |h Library of Congress classification  |i unmediated -- volume  |m A14832317985 
952 f f |p ric  |a Texas A&M University  |b Rellis Campus  |c Joint Library Facility  |d Remote Storage  |t 0  |e PR5904 .D28 1982  |h Library of Congress classification  |i unmediated -- volume  |m A14805956300 
998 f f |a PR5904 .D28 1982  |t 0  |l Remote Storage 
998 f f |a PR5904 .D28 1982  |t 0  |l Evans: Library Stacks